Demografija istorija i sovremennost'

Enregistré dans:
Détails bibliographiques
Auteur principal: Šelestov, Dmitrij Kuz'mič
Format: Livre
Langue:russe
Publié: Moskva Finansy i statistika 1983
Tags: Ajouter un tag
Pas de tags, Soyez le premier à ajouter un tag!

MARC

LEADER 00000nam a2200000 4500
001 c116110
005 20041019155203.7
041 0 |a rus 
044 |a RU 
245 1 0 |a Demografija  |b istorija i sovremennost'  |c Dmitrij Kuz'mič Šelestov 
264 1 |a Moskva  |b Finansy i statistika  |c 1983 
300 |a 269 s. 
100 1 |a Šelestov, Dmitrij Kuz'mič